[Event "39. Torneo de Ajedrez Villa de Mislata"]
[Site "Mislata ESP"]
[Date "2005.08.25"]
[Round "8.13"]
[White "Capella Gimenez, Jose Manuel"]
[Black "Peña Riascos, Alexander"]
[Result "1/2-1/2"]
[WhiteElo "2111"]
[BlackElo "2249"]
[PlyCount "88"]
[EventDate "2005.08.18"]
[EventType "swiss"]
[EventRounds "9"]
[EventCountry "ESP"]
[Source "lmi"]
[SourceDate "2005.08.27"]

1. d4 Nf6 2. c4 g6 3. Nc3 Bg7 4. e4 d6 5. Be2 O-O 6. Nf3 e5 7. O-O Nc6 8. d5
Ne7 9. b4 Ne8 10. c5 f5 11. Nd2 fxe4 12. Ndxe4 Nf5 13. Bg5 Nf6 14. Rc1 h6 15.
Nxf6+ Bxf6 16. Bxf6 Rxf6 17. cxd6 cxd6 18. Ne4 Rf7 19. Bg4 Bd7 20. Rc3 Bb5 21.
Be2 Qh4 22. f3 Bxe2 23. Qxe2 Qd8 24. a3 a5 25. Qd2 Kg7 26. Kh1 axb4 27. axb4
Qb6 28. Rb1 Rd7 29. g4 Nd4 30. g5 h5 31. Nf6 Re7 32. Qe3 Qb5 33. Rbc1 Nf5 34.
Qe4 Qb6 35. Rc8 Ra2 36. Nxh5+ Kf7 37. R1c2 Ra1+ 38. Kg2 Ne3+ 39. Kh3 Nxc2 40.
Rh8 Qd4 41. Rh7+ Kf8 42. Rh8+ Kf7 43. Rh7+ Kf8 44. Rh8+ Kf7 1/2-1/2

[Event "39. Torneo de Ajedrez Villa de Mislata"]
[Site "Mislata ESP"]
[Date "2005.08.25"]
[Round "8.14"]
[White "Morejon Rodriguez, Eduardo"]
[Black "Galvan Huaraca, Jesus"]
[Result "0-1"]
[WhiteElo "2103"]
[BlackElo "2226"]
[PlyCount "74"]
[EventDate "2005.08.18"]
[EventType "swiss"]
[EventRounds "9"]
[EventCountry "ESP"]
[Source "lmi"]
[SourceDate "2005.08.27"]

1. d4 d6 2. Nf3 Bg4 3. h3 Bh5 4. g4 Bg6 5. Bg2 e6 6. c3 Nd7 7. Qb3 Rb8 8. Bf4
h6 9. Nbd2 Ngf6 10. O-O-O b5 11. Rde1 d5 12. Ne5 Nxe5 13. Bxe5 Be7 14. e4 O-O
15. Bxf6 Bxf6 16. exd5 b4 17. c4 exd5 18. Bxd5 c6 19. Be4 Qxd4 20. f4 Rfe8 21.
f5 Bg5 22. Qd3 Bxd2+ 23. Qxd2 Rxe4 24. fxg6 Qxc4+ 25. Qc2 Rbe8 26. gxf7+ Kxf7
27. Ref1+ Kg6 28. Qxc4 Rxc4+ 29. Kd2 Rd8+ 30. Ke3 Rc2 31. Rc1 Rdd2 32. Rhd1
Re2+ 33. Kf3 Rf2+ 34. Kg3 Rg2+ 35. Kh4 Kh7 36. Rg1 g5+ 37. Kh5 Rxc1 0-1

[Event "39. Torneo de Ajedrez Villa de Mislata"]
[Site "Mislata ESP"]
[Date "2005.08.25"]
[Round "8.15"]
[White "Mazzarelli, Ariel"]
[Black "Balada Moreno, Jose Luis"]
[Result "1/2-1/2"]
[WhiteElo "2074"]
[BlackElo "2206"]
[PlyCount "133"]
[EventDate "2005.08.18"]
[EventType "swiss"]
[EventRounds "9"]
[EventCountry "ESP"]
[Source "lmi"]
[SourceDate "2005.08.27"]

1. c4 Nf6 2. Nc3 g6 3. e4 d6 4. d4 Bg7 5. Be2 c6 6. Bg5 Nbd7 7. Qd2 a6 8. Bh6
Bxh6 9. Qxh6 b5 10. cxb5 axb5 11. Bf3 Qb6 12. Nge2 b4 13. Nd1 Ba6 14. Qe3 e5
15. dxe5 Qxe3 16. Nxe3 Nxe5 17. b3 Nd3+ 18. Kf1 Ne5 19. Nc4 Bxc4 20. bxc4 Nxc4
21. Nd4 Ne5 22. Be2 Nxe4 23. f4 Nc4 24. Bxc4 Nd2+ 25. Kf2 Nxc4 26. Nxc6 Kd7 27.
Nxb4 Rhb8 28. Nd3 Nb2 29. Nc1 Rc8 30. Re1 Rxc1 31. Rexc1 Nd3+ 32. Kf3 Nxc1 33.
Rxc1 Rxa2 34. Rb1 h5 35. Rb3 Ke6 36. Re3+ Kf5 37. Rd3 Ke6 38. Re3+ Kd7 39. Rd3
Ra5 40. h3 d5 41. g4 hxg4+ 42. hxg4 Kd6 43. g5 Ra7 44. f5 Re7 45. fxg6 fxg6 46.
Ra3 Re6 47. Kf4 Re4+ 48. Kf3 Ke5 49. Ra5 Rf4+ 50. Kg3 Rd4 51. Kf3 Rd1 52. Ra6
Kf5 53. Rd6 Kxg5 54. Ke2 Rd4 55. Ke3 Re4+ 56. Kf3 Re5 57. Rd8 Rf5+ 58. Kg3 Re5
59. Kf3 Kf5 60. Rf8+ Ke6 61. Ra8 g5 62. Re8+ Kd6 63. Rd8+ Kc7 64. Ra8 d4 65.
Ra4 Rd5 66. Ke4 Rd8 67. Rc4+ 1/2-1/2

[Event "39. Torneo de Ajedrez Villa de Mislata"]
[Site "Mislata ESP"]
[Date "2005.08.26"]
[Round "9.1"]
[White "Komljenovic, Davor"]
[Black "Cabrera, Alexis"]
[Result "0-1"]
[WhiteElo "2473"]
[BlackElo "2500"]
[PlyCount "134"]
[EventDate "2005.08.18"]
[EventType "swiss"]
[EventRounds "9"]
[EventCountry "ESP"]
[Source "lmi"]
[SourceDate "2005.08.27"]

1. d4 Nf6 2. c4 g6 3. Nf3 Bg7 4. g3 O-O 5. Bg2 c6 6. Nc3 d5 7. Qb3 Qb6 8. O-O
Re8 9. Rd1 Bf5 10. Qxb6 axb6 11. cxd5 Nxd5 12. Nxd5 cxd5 13. Bf4 Rc8 14. Bxb8
Raxb8 15. Rdc1 Rc6 16. Rc3 Rxc3 17. bxc3 Rc8 18. Rc1 b5 19. a3 e6 20. Ne5 Bxe5
21. dxe5 d4 22. Kf1 g5 23. Ke1 dxc3 24. Bxb7 Rc4 25. Ba6 Ra4 26. Bxb5 Rxa3 27.
Bd3 Kf8 28. Bxf5 exf5 29. f4 Kg7 30. Kd1 Kg6 31. Kc2 h6 32. Rb1 Ra2+ 33. Kxc3
gxf4 34. gxf4 Rxe2 35. Rg1+ Kh5 36. Rg7 Re4 37. Rxf7 Kg4 38. Rh7 h5 39. h3+
Kxh3 40. Rg7 Rxf4 41. e6 Re4 42. e7 f4 43. Kd3 Re1 44. Rf7 Kg3 45. Rg7+ Kf2 46.
Kd4 f3 47. Kd5 Re3 48. Kd6 Ke1 49. Rg1+ Kd2 50. Rg3 Ke2 51. Rg5 Rxe7 52. Kxe7
f2 53. Re5+ Kd3 54. Rf5 Ke3 55. Rf6 h4 56. Re6+ Kd2 57. Rd6+ Ke2 58. Re6+ Kf1
59. Rh6 h3 60. Kd6 Kg2 61. Rg6+ Kf3 62. Rf6+ Ke2 63. Re6+ Kd3 64. Rf6 h2 65.
Rxf2 h1=Q 66. Rf5 Ke4 67. Rf6 Qh3 0-1

[Event "39. Torneo de Ajedrez Villa de Mislata"]
[Site "Mislata ESP"]
[Date "2005.08.26"]
[Round "9.2"]
[White "Gongora, Maikel"]
[Black "Pallardo Lozoya, Jose Vicente"]
[Result "1-0"]
[WhiteElo "2466"]
[BlackElo "2278"]
[PlyCount "37"]
[EventDate "2005.08.18"]
[EventType "swiss"]
[EventRounds "9"]
[EventCountry "ESP"]
[Source "lmi"]
[SourceDate "2005.08.27"]

1. e4 e6 2. d4 d5 3. Nc3 Bb4 4. e5 c5 5. a3 Bxc3+ 6. bxc3 Ne7 7. Qg4 O-O 8. Bd3
Qa5 9. Bd2 Nbc6 10. Nf3 Qa4 11. Qh5 Ng6 12. Ng5 h6 13. Nxf7 Nge7 14. Nxh6+ gxh6
15. Bxh6 Rf7 16. Qg5+ Kh8 17. Bg7+ Kg8 18. Bh7+ Kxh7 19. Qh6+ 1-0

[Event "39. Torneo de Ajedrez Villa de Mislata"]
[Site "Mislata ESP"]
[Date "2005.08.26"]
[Round "9.3"]
[White "Kovacevic, Slobodan"]
[Black "Abreu, Aryam"]
[Result "0-1"]
[WhiteElo "2314"]
[BlackElo "2442"]
[PlyCount "106"]
[EventDate "2005.08.18"]
[EventType "swiss"]
[EventRounds "9"]
[EventCountry "ESP"]
[Source "lmi"]
[SourceDate "2005.08.27"]

1. d4 d5 2. Bg5 c6 3. e3 h6 4. Bh4 Qb6 5. Qc1 Bf5 6. Nf3 Nd7 7. Nbd2 e6 8. c4
Be7 9. c5 Qd8 10. Bg3 Ngf6 11. h3 O-O 12. Be2 a5 13. a3 a4 14. O-O b6 15. cxb6
Qxb6 16. Bd1 c5 17. Bc2 Bxc2 18. Qxc2 Rfc8 19. Rfc1 Bd6 20. Bxd6 Qxd6 21. Nb1
Qa6 22. Nc3 cxd4 23. exd4 Rc4 24. Qd1 Rac8 25. Na2 Ne4 26. Rxc4 Rxc4 27. Rc1
Qc8 28. Rxc4 Qxc4 29. Nb4 Nb6 30. g3 Qc7 31. Nd3 Qc4 32. Kg2 Nd6 33. Qd2 Qb5
34. Qf4 Nbc4 35. Qc1 Qb3 36. Nfe5 f6 37. Nc5 Qxb2 38. Qxb2 Nxb2 39. Nc6 Nb5 40.
Nxe6 Nxa3 41. Nf4 Nb5 42. Nb4 Nxd4 43. Kf1 a3 44. Ne2 Nxe2 45. Kxe2 Kf7 46. Ke3
Ke6 47. h4 Nd1+ 48. Kf3 Nc3 49. h5 a2 50. Nc2 Ke5 51. g4 d4 52. Na1 Kd5 53. Kf4
Kc4 0-1

[Event "39. Torneo de Ajedrez Villa de Mislata"]
[Site "Mislata ESP"]
[Date "2005.08.26"]
[Round "9.4"]
[White "Torres Sanchez, Jose"]
[Black "Veingold, Aleksandr"]
[Result "1/2-1/2"]
[WhiteElo "2283"]
[BlackElo "2467"]
[PlyCount "55"]
[EventDate "2005.08.18"]
[EventType "swiss"]
[EventRounds "9"]
[EventCountry "ESP"]
[Source "lmi"]
[SourceDate "2005.08.27"]

1. d4 Nf6 2. c4 e6 3. g3 d5 4. Bg2 dxc4 5. Nf3 c5 6. O-O Nc6 7. Ne5 Bd7 8. Na3
cxd4 9. Naxc4 Bc5 10. Qb3 O-O 11. Bf4 Bb6 12. Rfd1 Nd5 13. Bxd5 exd5 14. Nxb6
axb6 15. Qxd5 Be6 16. Nxc6 bxc6 17. Qxc6 Bxa2 18. Qd6 Qxd6 19. Bxd6 Rfe8 20.
Rd2 Bc4 21. Rxa8 Rxa8 22. Rxd4 Bxe2 23. Bc7 Bf3 24. Rd8+ Rxd8 25. Bxd8 b5 26.
Kf1 f6 27. h4 Kf7 28. Ke1 1/2-1/2

[Event "39. Torneo de Ajedrez Villa de Mislata"]
[Site "Mislata ESP"]
[Date "2005.08.26"]
[Round "9.5"]
[White "Sanchez Raboso, Vicente"]
[Black "Alonso Moyano, Jonathan"]
[Result "0-1"]
[WhiteElo "2101"]
[BlackElo "2406"]
[PlyCount "64"]
[EventDate "2005.08.18"]
[EventType "swiss"]
[EventRounds "9"]
[EventCountry "ESP"]
[Source "lmi"]
[SourceDate "2005.08.27"]

1. e4 c5 2. Nf3 d6 3. d4 Nf6 4. Nc3 cxd4 5. Nxd4 g6 6. Be3 Bg7 7. f3 Nc6 8. Qd2
Bd7 9. Bc4 O-O 10. O-O-O Rc8 11. Bb3 Ne5 12. g4 b5 13. Ndxb5 Nxf3 14. Qg2 Bxg4
15. Nd5 Ne5 16. Rdf1 Nxd5 17. exd5 Qd7 18. h3 Bf3 19. Rxf3 Qxb5 20. Rf4 Nd3+
21. Kb1 Nxf4 22. Bxf4 a5 23. a4 Qb4 24. Be3 f5 25. h4 Rc4 26. Bd2 Rxc2 27. Bxb4
Rxg2 28. Ba3 f4 29. Bc4 f3 30. Bf1 Bd4 31. Ka2 Rf4 32. Rh3 Rg1 0-1

[Event "39. Torneo de Ajedrez Villa de Mislata"]
[Site "Mislata ESP"]
[Date "2005.08.26"]
[Round "9.6"]
[White "Garcia Fernandez, Carlos"]
[Black "Garcia Martinez, Silvino"]
[Result "1/2-1/2"]
[WhiteElo "2349"]
[BlackElo "2337"]
[PlyCount "26"]
[EventDate "2005.08.18"]
[EventType "swiss"]
[EventRounds "9"]
[EventCountry "ESP"]
[Source "lmi"]
[SourceDate "2005.08.27"]

1. e4 Nf6 2. Nc3 d5 3. exd5 Nxd5 4. Bc4 Nb6 5. Bb3 Nc6 6. Qf3 e6 7. Qg3 Nd4 8.
Nf3 Nxf3+ 9. Qxf3 Be7 10. O-O O-O 11. Re1 c6 12. d3 a5 13. a4 Nd5 1/2-1/2

[Event "39. Torneo de Ajedrez Villa de Mislata"]
[Site "Mislata ESP"]
[Date "2005.08.26"]
[Round "9.7"]
[White "Vassallo Barroche, Mauricio"]
[Black "Peñas Hernández, Xavier"]
[Result "1-0"]
[WhiteElo "2410"]
[BlackElo "2177"]
[PlyCount "53"]
[EventDate "2005.08.18"]
[EventType "swiss"]
[EventRounds "9"]
[EventCountry "ESP"]
[Source "lmi"]
[SourceDate "2005.08.27"]

1. d4 f5 2. g3 Nf6 3. Bg2 g6 4. c4 Bg7 5. Nh3 O-O 6. Nc3 d6 7. d5 Na6 8. Nf4 e5
9. dxe6 c6 10. h4 Ng4 11. e4 Qe7 12. exf5 gxf5 13. O-O Nf6 14. Re1 Nc5 15. Rb1
a5 16. b3 Ne8 17. Ncd5 cxd5 18. Nxd5 Qxe6 19. Rxe6 Bxe6 20. Bb2 Rd8 21. Bxg7
Kxg7 22. Qd4+ Nf6 23. Nf4 Rd7 24. Re1 Kf7 25. Qd2 Ra8 26. Rxe6 Nxe6 27. Bd5 1-0

[Event "39. Torneo de Ajedrez Villa de Mislata"]
[Site "Mislata ESP"]
[Date "2005.08.26"]
[Round "9.8"]
[White "Carrascoso Morales, Abel"]
[Black "Garcia Roman, Daniel"]
[Result "0-1"]
[WhiteElo "2165"]
[BlackElo "2390"]
[PlyCount "194"]
[EventDate "2005.08.18"]
[EventType "swiss"]
[EventRounds "9"]
[EventCountry "ESP"]
[Source "lmi"]
[SourceDate "2005.08.27"]

1. e4 e6 2. Nf3 d5 3. e5 Bd7 4. g3 c5 5. Bg2 Nc6 6. O-O g6 7. Re1 Bg7 8. d3
Nge7 9. Bf4 h6 10. h4 Nf5 11. c4 dxc4 12. dxc4 Ncd4 13. Nc3 O-O 14. Ne4 b6 15.
Nxd4 Nxd4 16. Nf6+ Bxf6 17. exf6 h5 18. Bh6 Qxf6 19. Bxf8 Rxf8 20. f4 Bc6 21.
Bxc6 Nxc6 22. Qe2 Nd4 23. Qf2 a5 24. Rad1 Rd8 25. Qg2 Kh8 26. Qe4 Rd6 27. Kg2
Qd8 28. Qe5+ Kh7 29. Qe4 Nf5 30. Rxd6 Qxd6 31. Qe2 Qd4 32. Kh3 Qd7 33. Rd1 Nd4
34. Qe5 Qb7 35. Qe3 Qc6 36. b3 Nf5 37. Qe2 Nd4 38. Qg2 Qd7 39. Kh2 Kg7 40. Qe4
Kf8 41. Kg2 Qd6 42. a3 Kg8 43. b4 axb4 44. axb4 Kh7 45. b5 Qd7 46. Qc6 Qa7 47.
Qe4 Qa2+ 48. Kh3 Qxc4 49. Qd3 Qd5 50. Qe3 Qf5+ 51. Kg2 Qd5+ 52. Kh3 Qf5+ 53.
Kg2 Nxb5 54. Rd7 Nd4 55. Qe5 Qxe5 56. fxe5 Kg7 57. Kf2 Nc6 58. Rb7 Nxe5 59.
Rxb6 Kf6 60. Rb5 Ke7 61. Ke3 Kd6 62. Rb8 Nd7 63. Rd8 e5 64. Ra8 Kd5 65. Ra6 f6
66. Ra8 Ke6 67. Ra6+ Kf5 68. Rc6 e4 69. Rc7 Ne5 70. Rxc5 Kg4 71. Kxe4 Kxg3 72.
Rc1 Kxh4 73. Rf1 Kg5 74. Rg1+ Ng4 75. Kf3 f5 76. Ra1 Ne5+ 77. Kg2 Kg4 78. Ra5
Nd3 79. Ra3 Nf4+ 80. Kh2 h4 81. Rb3 Nh5 82. Kg2 g5 83. Ra3 Ng3 84. Rb3 f4 85.
Rb4 Nf5 86. Kh2 Ne3 87. Rb3 Nf1+ 88. Kg1 Nd2 89. Rd3 Nf3+ 90. Kf2 h3 91. Rd1
Nh4 92. Rg1+ Kf5 93. Rh1 g4 94. Ke2 f3+ 95. Kf2 Kf4 96. Kf1 Nf5 97. Rh2 Ne3+
0-1

[Event "39. Torneo de Ajedrez Villa de Mislata"]
[Site "Mislata ESP"]
[Date "2005.08.26"]
[Round "9.9"]
[White "Gomez Jurado, Luis Alberto"]
[Black "Gimeno Higueras, Roberto"]
[Result "1-0"]
[WhiteElo "2292"]
[BlackElo "2116"]
[PlyCount "41"]
[EventDate "2005.08.18"]
[EventType "swiss"]
[EventRounds "9"]
[EventCountry "ESP"]
[Source "lmi"]
[SourceDate "2005.08.27"]

1. d4 e6 2. Nf3 Nf6 3. c4 Bb4+ 4. Bd2 Qe7 5. g3 b6 6. Bg2 Bb7 7. O-O Bxd2 8.
Nbxd2 O-O 9. Qc2 d6 10. e4 c5 11. e5 dxe5 12. dxe5 Nfd7 13. Ng5 Qxg5 14. Bxb7
Na6 15. Bxa6 Qxe5 16. Bb7 Rad8 17. Bg2 Qh5 18. Nf3 Ne5 19. Nxe5 Qxe5 20. Rfe1
Qf6 21. Rad1 1-0

[Event "39. Torneo de Ajedrez Villa de Mislata"]
[Site "Mislata ESP"]
[Date "2005.08.26"]
[Round "9.10"]
[White "Defez Gomez, Juan Francisco"]
[Black "Vallejo Diaz, Jesus"]
[Result "1/2-1/2"]
[WhiteElo "2196"]
[BlackElo "2255"]
[PlyCount "132"]
[EventDate "2005.08.18"]
[EventType "swiss"]
[EventRounds "9"]
[EventCountry "ESP"]
[Source "lmi"]
[SourceDate "2005.08.27"]

1. e4 c5 2. Nc3 Nc6 3. g3 e6 4. Bg2 Nge7 5. Nge2 Nd4 6. d3 g6 7. Be3 Bg7 8. Qd2
O-O 9. O-O Nec6 10. a3 d6 11. Nd1 Nxe2+ 12. Qxe2 Nd4 13. Qd2 Rb8 14. Rb1 b6 15.
c3 Nc6 16. f4 Ne7 17. g4 f5 18. Nf2 d5 19. Qc2 Qc7 20. Rbd1 Rd8 21. Rfe1 Kh8
22. gxf5 exf5 23. e5 Be6 24. d4 c4 25. Nh3 h6 26. Bf2 Nc6 27. Bh4 Re8 28. Re3
Qd7 29. Rg3 Bf7 30. Bf3 b5 31. Qg2 Kh7 32. Bh5 Re6 33. Kh1 Rb6 34. Rg1 Ne7 35.
Bf3 a5 36. Bh5 Bf8 37. Bf6 Rxf6 38. exf6 Rxf6 39. Bf3 Re6 40. Qd2 Ng8 41. Nf2
Nf6 42. Re1 Ne4 43. Bxe4 dxe4 44. Nd1 Rf6 45. Rh3 Bd5 46. Ne3 Qd6 47. Qf2 Rf7
48. Qh4 Rd7 49. Rg3 Qe7 50. Qh3 Qf6 51. Nxd5 Rxd5 52. Reg1 Be7 53. Rxg6 Qxg6
54. Rxg6 Kxg6 55. Qg2+ Kf7 56. Qe2 a4 57. Qh5+ Ke6 58. Qxh6+ Bf6 59. Qh5 Rd8
60. Kg2 Rg8+ 61. Kf2 Rh8 62. Qg6 Rxh2+ 63. Ke3 Rh3+ 64. Ke2 Rh2+ 65. Ke3 Rh3+
66. Ke2 Rh2+ 1/2-1/2

[Event "39. Torneo de Ajedrez Villa de Mislata"]
[Site "Mislata ESP"]
[Date "2005.08.26"]
[Round "9.11"]
[White "Galvan Huaraca, Jesus"]
[Black "Durao, Joaquim"]
[Result "1-0"]
[WhiteElo "2226"]
[BlackElo "2158"]
[PlyCount "91"]
[EventDate "2005.08.18"]
[EventType "swiss"]
[EventRounds "9"]
[EventCountry "ESP"]
[Source "lmi"]
[SourceDate "2005.08.27"]

1. d4 f5 2. g3 Nf6 3. Bg2 e6 4. Nf3 Be7 5. O-O O-O 6. c4 d5 7. b3 c6 8. Ba3
Nbd7 9. Qc1 Ne4 10. e3 g5 11. Ne1 g4 12. Nd3 Ndf6 13. Rd1 Rf7 14. Bxe7 Rxe7 15.
Nc3 Ng5 16. Ne2 h5 17. Ne5 Rg7 18. Nf4 h4 19. a4 hxg3 20. hxg3 Nfe4 21. a5 a6
22. Kf1 Rh7 23. Ke2 Nh3 24. Bxe4 Nxf4+ 25. gxf4 dxe4 26. Rh1 Qc7 27. Qg1 Bd7
28. Qg2 Be8 29. Rxh7 Qxh7 30. Rh1 Qg7 31. c5 Rc8 32. Rh4 Rc7 33. Kf1 Qf6 34.
Qh2 Re7 35. Rh6 Qg7 36. Qh4 Rc7 37. Ke2 Rc8 38. Rxe6 Qh7 39. Qxh7+ Kxh7 40.
Re7+ Kh8 41. Nf7+ Bxf7 42. Rxf7 Rg8 43. Rxf5 Rg6 44. Re5 g3 45. fxg3 Rxg3 46.
Rxe4 1-0

[Event "39. Torneo de Ajedrez Villa de Mislata"]
[Site "Mislata ESP"]
[Date "2005.08.26"]
[Round "9.12"]
[White "Sanchez Romero, Miguel Angel"]
[Black "Vallejo Diaz, Javier"]
[Result "1/2-1/2"]
[WhiteElo "2197"]
[BlackElo "2156"]
[PlyCount "122"]
[EventDate "2005.08.18"]
[EventType "swiss"]
[EventRounds "9"]
[EventCountry "ESP"]
[Source "lmi"]
[SourceDate "2005.08.27"]

1. d4 d5 2. Bg5 Nd7 3. e3 Ngf6 4. Bd3 b6 5. Nd2 Bb7 6. f4 e6 7. Ngf3 Be7 8. Ne5
O-O 9. O-O Ne4 10. Bxe7 Qxe7 11. Ndf3 f6 12. Nxd7 Qxd7 13. Qe1 c5 14. c3 Bc6
15. Qe2 Rfe8 16. Rac1 Nd6 17. Rfd1 c4 18. Bb1 b5 19. Kh1 a5 20. Rg1 Rab8 21. g4
b4 22. g5 f5 23. Ne5 Qc7 24. Rg3 Re7 25. Rh3 Be8 26. Qf2 g6 27. Rh6 Rb6 28. h4
Qb7 29. Bc2 bxc3 30. bxc3 Rb2 31. h5 Rg7 32. hxg6 Bxg6 33. a4 Ra2 34. Qe1 Nf7
35. Rb1 Rb2 36. Rxb2 Qxb2 37. Rh2 Nxe5 38. dxe5 Qb6 39. Qd2 Rb7 40. Rf2 Qc6 41.
Qd4 Qb6 42. Kg2 Qxd4 43. exd4 Rb2 44. Bd1 Rb1 45. Bf3 Be8 46. Ra2 Rb3 47. Rc2
Kf8 48. Kf2 Bxa4 49. Ra2 Bd7 50. Rxa5 Rxc3 51. Ra8+ Ke7 52. Rh8 Rc2+ 53. Kg3
Be8 54. Rxh7+ Kd8 55. Rh8 c3 56. Bh5 Rg2+ 57. Kxg2 c2 58. g6 c1=Q 59. Rxe8+ Kd7
60. g7 Qd2+ 61. Kg3 Qe3+ 1/2-1/2

[Event "39. Torneo de Ajedrez Villa de Mislata"]
[Site "Mislata ESP"]
[Date "2005.08.26"]
[Round "9.13"]
[White "Ortega Hermida, Daniel"]
[Black "Checa Martínez, Emilio"]
[Result "1-0"]
[WhiteElo "2396"]
[BlackElo "2138"]
[PlyCount "103"]
[EventDate "2005.08.18"]
[EventType "swiss"]
[EventRounds "9"]
[EventCountry "ESP"]
[Source "lmi"]
[SourceDate "2005.08.27"]

1. d4 d5 2. c4 e6 3. Nc3 c6 4. e4 dxe4 5. Nxe4 Bb4+ 6. Bd2 Qxd4 7. Bxb4 Qxe4+
8. Be2 Qxg2 9. Qd6 Nd7 10. O-O-O Qxf2 11. Bh5 Qf5 12. Bf3 e5 13. Be2 Qg5+ 14.
Bd2 Qe7 15. Qd3 Nb6 16. Qg3 f6 17. Bb4 Qf7 18. Nf3 Nd7 19. Rhf1 c5 20. Bc3 Qg6
21. Qf2 Nh6 22. Nh4 Qf7 23. Bd2 Ng8 24. Nf5 Qf8 25. Be3 b6 26. Qg2 Rb8 27.
Nxg7+ Ke7 28. Qd5 Qxg7 29. Qd6+ Ke8 30. Bh5+ Qg6 31. Bxg6+ hxg6 32. Qc7 Ra8 33.
Rd6 Rh7 34. Rfd1 Re7 35. h4 Rh7 36. a3 Re7 37. Kb1 Rh7 38. Ka1 Re7 39. a4 Kf7
40. Rxd7 Bxd7 41. Rxd7 Rxd7 42. Qxd7+ Ne7 43. a5 Rh8 44. Qxa7 bxa5 45. Bxc5 Re8
46. Qd7 f5 47. h5 gxh5 48. Bxe7 Rxe7 49. Qxf5+ Ke8 50. Qxh5+ Kd7 51. Qh3+ Kd6
52. Qa3+ 1-0

[Event "39. Torneo de Ajedrez Villa de Mislata"]
[Site "Mislata ESP"]
[Date "2005.08.26"]
[Round "9.14"]
[White "Jordan Arenas, Manuel"]
[Black "Garcia Trobat, Francisco"]
[Result "0-1"]
[WhiteElo "2151"]
[BlackElo "2313"]
[PlyCount "106"]
[EventDate "2005.08.18"]
[EventType "swiss"]
[EventRounds "9"]
[EventCountry "ESP"]
[Source "lmi"]
[SourceDate "2005.08.27"]

1. e4 c5 2. Nf3 d6 3. g3 Nc6 4. Bg2 Nf6 5. d3 g6 6. O-O Bg7 7. Nbd2 O-O 8. a4
Rb8 9. Nc4 a6 10. a5 Be6 11. Nfd2 Nd7 12. f4 f5 13. Re1 Bf7 14. c3 Qc7 15. Qe2
Rbe8 16. Nf1 Bxc4 17. dxc4 Nxa5 18. exf5 Nb3 19. Ra3 Nxc1 20. Rxc1 gxf5 21.
Qe6+ Kh8 22. Ne3 Qc8 23. Nxf5 Nb6 24. Nxg7 Kxg7 25. Qe4 Qf5 26. Qxb7 Nxc4 27.
Rxa6 Rb8 28. Qxe7+ Rf7 29. Qe2 d5 30. Rd1 Rxb2 31. Qe6 Qh5 32. Qxd5 Rxg2+ 33.
Qxg2 Qxd1+ 34. Qf1 Qd5 35. Qe2 Rb7 36. Ra1 Rd7 37. Qg4+ Kf7 38. f5 Ne5 39. Qh5+
Kf8 40. Qh6+ Ke8 41. Qe6+ Qxe6 42. fxe6 Rd3 43. Ra7 Rxc3 44. Rxh7 Rc2 45. h4 c4
46. Rc7 Nf3+ 47. Kf1 Nd4 48. e7 c3 49. h5 Rc1+ 50. Kf2 c2 51. h6 Rh1 52. h7
Rxh7 53. Ke3 Rh1 0-1

[Event "39. Torneo de Ajedrez Villa de Mislata"]
[Site "Mislata ESP"]
[Date "2005.08.26"]
[Round "9.15"]
[White "Pavia Miralles, Jose Manuel"]
[Black "Encarnaçao, Rui Alberto"]
[Result "1-0"]
[WhiteElo "2268"]
[BlackElo "2108"]
[PlyCount "111"]
[EventDate "2005.08.18"]
[EventType "swiss"]
[EventRounds "9"]
[EventCountry "ESP"]
[Source "lmi"]
[SourceDate "2005.08.27"]

1. d4 e6 2. c4 Nf6 3. Nc3 Bb4 4. e3 b6 5. Bd3 Bb7 6. Nf3 O-O 7. O-O Bxc3 8.
bxc3 Ne4 9. Qc2 f5 10. Nd2 Nxd2 11. Bxd2 d6 12. f3 Nd7 13. Rae1 Nf6 14. d5 exd5
15. Bxf5 dxc4 16. Be6+ Kh8 17. Bxc4 d5 18. Bd3 c5 19. c4 Qd6 20. cxd5 Bxd5 21.
e4 c4 22. Be2 Bb7 23. Be3 b5 24. Rb1 Qe5 25. Qb2 Qxb2 26. Rxb2 Bc6 27. Rd1 a5
28. Rd6 Rfc8 29. Rc2 Ne8 30. Re6 Kg8 31. a4 Kf7 32. Re5 Rab8 33. Bc5 Rb7 34.
axb5 Bxb5 35. Rb2 c3 36. Rxb5 Rxb5 37. Bxb5 c2 38. Bxe8+ Rxe8 39. Rf5+ Ke6 40.
Be3 Rb8 41. Rxa5 Rb1+ 42. Kf2 c1=Q 43. Bxc1 Rxc1 44. Ra2 Kf6 45. Kg3 Rc5 46. h4
h5 47. Kf4 Rc6 48. Rd2 g6 49. Rd5 Rc2 50. Rd6+ Kf7 51. g3 Rc3 52. e5 Rc4+ 53.
Kg5 Rc5 54. Rf6+ Ke7 55. Kxg6 Rxe5 56. Rf5 1-0